| 000 | 00874nam a2200217 i 4500 | ||
|---|---|---|---|
| 001 | 60617 | ||
| 003 | ES-MaACL | ||
| 005 | 20250829103233.0 | ||
| 007 | t| | ||
| 008 | 031105s1949 sp ||||1| spa d | ||
| 100 | 1 |
_aEsteban-Infantes y Martín, Emilio. _948055 |
|
| 245 | 1 | 0 |
_aExpediciones españolas _b: siglo XIX / _cEmilio Esteban-Infantes y Martín ; prólogo del Conde de Romanones. |
| 260 |
_aMadrid : _bInstituto de Cultura Hispánica, _c1949 ( _fTalls. del Instituto Geográfico y Catastral) |
||
| 300 |
_a347 p., 7 lám. : _bgráf. ; _c24 cm. |
||
| 650 | 4 |
_aEjército- _zEspaña- _yS.XIX. _9166099 |
|
| 651 | 0 |
_aEspaña- _xPolítica exterior- _yS.XIX. _98428 |
|
| 700 | 1 |
_aRomanones, Álvaro de Figueroa y Torres, _cConde de, _d1863-1950 _999264 |
|
| 710 | 2 |
_aInstituto de Cultura Hispánica (España) _94854 |
|
| 852 |
_aES-MaACL _jD-8452 |
||
| 999 |
_c60617 _d60617 |
||